|
|
|
|
| LEADER |
00000nam0a2200000 4500 |
| 001 |
37303 |
| 005 |
20231101210425.0 |
| 010 |
|
|
|a 5835200722
|
| 035 |
|
|
|a (RuTPU)RU\TPU\book\37861
|
| 090 |
|
|
|a 37303
|
| 100 |
|
|
|a 20011228d1992 m y0rusy50 ca
|
| 101 |
1 |
|
|a rus
|c eng
|
| 102 |
|
|
|a RU
|
| 105 |
|
|
|a y z 000ay
|
| 200 |
1 |
|
|a Глаза Чужого мира
|e роман, повести, новеллы
|e пер. с англ.
|f Д. Вэнс
|
| 210 |
|
|
|a Санкт-Петербург
|c Северо-Запад
|d 1992
|
| 215 |
|
|
|a 576 с.
|
| 330 |
|
|
|a Глаза Чужого мира - волшебные линзы из красного стекла, одев которые человек видит запредельный мир, полный чудес... Роман рассказывает о приключениях воришки-неудачника Кугеля, волею судьбы попавшего в плен к волшебнику. Чародей отправляет Кугеля в опасное странствие по землям, населенным диковинными существами-великанами, упырями, призраками, сумасшедшими колдунами и демонами. Также в настоящее издание вошли повести "Сын Древа", "Создатели чуда" и сборник новелл под общим названием "Узкая полоса". Эти тексты как бы дополняя роман "Глаза Чужого мира", открывают для читителя яркую творческую палитру писателя, его неистощимую фантазию и столь сильно присущее Д. Вэнсу чувство юмора.
|
| 606 |
1 |
|
|a Американская литература (англо-язычная литература)
|2 stltpush
|3 (RuTPU)RU\TPU\subj\28887
|9 52349
|
| 610 |
1 |
|
|a романы
|
| 610 |
1 |
|
|a повести
|
| 610 |
1 |
|
|a фантастика
|
| 675 |
|
|
|a 82
|v 3
|
| 700 |
|
1 |
|a Вэнс
|b Д.
|g Джек
|
| 801 |
|
1 |
|a RU
|b 63413507
|c 20011228
|g PSBO
|
| 801 |
|
2 |
|a RU
|b 63413507
|c 20210301
|g PSBO
|
| 942 |
|
|
|c BK
|